| 000 | 00775nam a22002177a 4500 | ||
|---|---|---|---|
| 999 |
_c975 _d975 |
||
| 003 | AR-CdUCM | ||
| 008 | 190226b ||||| |||| 00| 0 spa d | ||
| 040 |
_aMUNICIPALIDAD PROVINCIAL DEL CUSCO _cBIBLIOTECA MUNICIPAL DEL CUSCO |
||
| 082 |
_a869.56 / _bG26 |
||
| 100 |
_aGarrido Malaver, Julio _92596 |
||
| 245 |
_aLa tierra de los niños : _bCuentos Uno / _cGarrido Malaver, Julio |
||
| 300 |
_a54 paginas ; _c25cm. |
||
| 500 | _aCuentos | ||
| 505 | _aLa intención de tus juguetes -- El mensaje de las mariposas -- El cuento de las campanillas -- El cuento del cartucho blanco -- El cuento de las rosas... | ||
| 650 |
_aCuentos _9312 |
||
| 650 |
_aPerú _935 |
||
| 650 |
_aHIstorias _93809 |
||
| 650 |
_aLiteratura _983 |
||
| 942 |
_2ddc _cLIBROS |
||
| 945 |
_apjha _d2019-02-25 |
||